000 00613 a2200193 4500
999 _c5630
_d5630
020 _a9780855984397
050 _aSD645 HUM 2000
100 _aHuman, Joe
_eauthor
245 _aCommunity forest management :
_ba casebook from India /
_cJoe Human & Manoj Pattanaik
264 _aOxford :
_bOxfam,
_c2000.
300 _a176p. :
_bill.
440 _aOxfam development casebooks
500 _aIncludes bibliographical references and index
650 _aForest management -- India
650 _aCommunity forests -- India
651 _aIndia
700 _aPattanaik, Manoj
_eauthor
942 _2lcc
_cBK
_h645
_iHUM
_kSD